000 01099cam a22003497a 4500
003 CHAP
005 20220329140127.0
008 971013c19731969 r 00010 d
010 _a47379
011 _a48351
035 _a52496
040 _cCHAP
082 _a863
_bR4
100 0 0 _aRevueltas, José.
_996718
245 1 3 _aEl apando
260 _aMéxico, D. F. :
_bERA,
_c1973 (c.1969)
300 _a55 p.
490 0 _aBiblioteca ERA Narrativa
590 _aBATCH-UPD
_b10
_c20130110
_lUCH01
_h0106
590 _aBATCH-UPD
_b10
_c20130110
_lUCH01
_h1922
590 _aBATCH-UPD
_b10
_c20130409
_lUCH01
_h2056
590 _aBATCH-UPD
_b10
_c20130914
_lUCH01
_h0620
590 _aCONVERSION
_b10
_c20130109
_lUCH01
_h1326
650 1 4 _aLiteratura mexicana.
_967138
650 1 4 _aNovela mexicana.
_982025
830 0 _aBiblioteca ERA Narrativa
_912389
901 _aBK
942 _cLIBRO
949 _a863 R4
_bBC
_cLIBRO
_d-116925
_eLIBRO
_h37851
_i52496
_si
949 _a863 R4
_bBC
_cLIBRO
_d-116926
_eLIBRO
_fc.2
_h37852
_i52496
_si
949 _a863 R4
_bBC
_cLIBRO
_d-116927
_eLIBRO
_fc.3
_h41559
_i52496
_si
999 _c47379
_d47379